000 00346nam a2200145Ia 4500
005 20240807062523.0
008 240806s9999||||xx |||||||||||||| ||eng||
041 _aeng
100 _aSitaram Bagla
245 0 _aPractical geography part one /
_cSitaram Bagla
260 _bKitab Ghar Kanpur
300 _a0
650 _aGeography
942 _cBK
999 _c21376
_d21376